Emilia Clarke Movies - Statistics

General Stats
  • This quiz has been taken 11 times
  • The average score is 3 of 10
Answer Stats
Hint Answer % Correct
2019 Last Christmas
78%
2018 Solo: A Star Wars Story
67%
2016 Me Before You
56%
2015 Terminator Genisys
44%
2019 Above Suspicion
11%
2013 Dom Hemingway
0%
2018 Leading Lady Parts
0%
2012 Spike Island
0%
2022 The Amazing Maurice
0%
2017 Voice from the Stone
0%
No matching quizzes found
Score Distribution
Percent of People with Each Score
Percentile by Number Answered
Your Score History
You have not taken this quiz